000 00292nam a2200145Ia 4500
100 _aButcher/Anthony
942 _cBK
654 _aMSQL
245 _aT.Y.MSQL in 21 days
260 _bPearson Education
_c2003
082 _a5.72
_bBUT
300 _a608
546 _aENGLISH
999 _c26043
_d26043